000 00831nam0a22002291 4500
001 rc\2787788
005 20260407211749.0
035 _a(NLR Aleph) 006913978
090 _a7376714
_c7376714
100 _a20110915d1935 |||y0rusy50 ca
101 0 _arus
102 _aRU
105 _ay z |||||
200 1 _aVII конгресс Коммунистического интернационала о молодежи
_e[Выдержки из докладов]
210 _a[Москва]
_cМол. гвардия
_d1935
_gтип. изд-ва "Дер эмес"
215 _aОбл., 129, [2] с.
_d20х13 см.
710 0 2 _aКоминтерн
_bКонгресс
_d7
_eМосква
_f1935
_9776690
_3RU\NLR\AUTH\8810140880
801 0 _aRU
_bNLR
_gpsbo
801 1 _aRU
_bELAR
_2rusmarc
852 _aNLR
_j35-3/839
942 _cBOOK
980 _aNB